| 000 | 00514nam a2200169 i 4500 | ||
|---|---|---|---|
| 001 | 39685 | ||
| 003 | ES-MaACL | ||
| 005 | 20230912063106.0 | ||
| 007 | t| | ||
| 008 | 030304s1893 sp ||||1| spa d | ||
| 100 | 1 |
_aCánovas y Vallejo, José _934611 |
|
| 245 | 1 | 0 |
_aCuentos / _cJosé Cánovas y Vallejo. |
| 260 |
_aMadrid : _b[s.n.], _c1893 ( _fImp. de Miñón e Hijos) |
||
| 300 |
_a212 p. ; _c19 cm. |
||
| 852 |
_aES-MaACL _jT-884-F-3 _z- Dedicatoria autógrafa del autor |
||
| 999 |
_c39685 _d39685 |
||